| 000 | 01056cam a22003017a 4500 | ||
|---|---|---|---|
| 003 | CHAP | ||
| 005 | 20220329140916.0 | ||
| 008 | 971013s1994 r 00010 d | ||
| 010 | _a59648 | ||
| 011 | _a60620 | ||
| 035 | _a64782 | ||
| 040 | _cCHAP | ||
| 090 | _aFolleto 14626 | ||
| 100 | 0 | 0 |
_aPérez Alfonso, Amado. _989500 |
| 245 | 0 | _aAnálisis de la trascendencia de las reformas constitucionales y sus disposiciones reglamentarias en materia de justicia agraria | |
| 260 |
_aVillahermosa, Tab. : _bUniversidad Juárez Autónoma de Tabasco. División Académica de Ciencias Sociales y Humanidades, _c1994 |
||
| 300 | _a46 p. | ||
| 590 |
_aBATCH-UPD _b10 _c20130110 _lUCH01 _h0645 |
||
| 590 |
_aBATCH-UPD _b10 _c20130410 _lUCH01 _h0329 |
||
| 590 |
_aBATCH-UPD _b10 _c20130914 _lUCH01 _h1925 |
||
| 590 |
_aCONVERSION _b10 _c20130109 _lUCH01 _h1332 |
||
| 650 | 1 | 4 |
_aReforma agraria. _995517 |
| 790 | _aArtículo 27 constitucional | ||
| 790 | _aLey agraria | ||
| 901 | _aBK | ||
| 942 | _cFOLL | ||
| 949 |
_aFolleto 14626 _bBC _cFOLL _d-142069 _eTS1 _i64782 _si |
||
| 999 |
_c59648 _d59648 |
||